Fuel consumption study/ (Record no. 548222)

000 -LEADER
fixed length control field 00350nam a22001337a 4500
082 ## - DEWEY DECIMAL CLASSIFICATION NUMBER
Classification number 629.2538
Author Mark ABD
100 ## - MAIN ENTRY--PERSONAL NAME
Personal name Abdul Majeed
9 (RLIN) 24628
245 ## - TITLE STATEMENT
Title Fuel consumption study/
260 ## - PUBLICATION, DISTRIBUTION, ETC.
Place of publication, distribution, etc. Islamabad:
Name of publisher, distributor, etc. NRTC Pakistan,
Date of publication, distribution, etc. c1981
300 ## - PHYSICAL DESCRIPTION
Extent iii, 77 p
Other physical details ill,:
Dimensions 29cm
526 ## - STUDY PROGRAM INFORMATION NOTE
Program name 0
Interest level 0
Reading level 0
Title point value 629_253800000000000_ABD
650 ## - SUBJECT ADDED ENTRY--TOPICAL TERM
Topical term or geographic name entry element MCE
9 (RLIN) 379
942 ## - ADDED ENTRY ELEMENTS (KOHA)
Source of classification or shelving scheme
Koha item type Book
Holdings
Withdrawn status Lost status Source of classification or shelving scheme Damaged status Not for loan Permanent Location Current Location Date acquired Total Checkouts Full call number Barcode Date last seen Price effective from Koha item type
          Military College of Engineering (MCE) Military College of Engineering (MCE) 08/25/2014   629.2538 ABD MCE-40479 08/25/2014 08/25/2014 Book
© 2023 Central Library, National University of Sciences and Technology. All Rights Reserved.